000 00753nam a2200157 i 4500
001 165833
003 ES-MaACL
005 20230906213220.0
008 050907s1890 sp |||| | spa d
100 1 _aStuyck, Juan.
_9132936
245 1 0 _aMemoria presentada por el director gerente Juan Stuyck a la Sociedad Especial Minera El Porvenir en la Junta General Ordinaria celebrada el día 2 de marzo de 1890.
260 _aMadrid :
_b[s.n.],
_c1890 (
_fEstabl. tip. Sucesores de Rivadeneyra)
300 _a68 p. ;
_c26 cm.
610 2 4 _aSociedad Especial Minera El Porvenir-
_vMemorias y balances.
_9134890
852 _aES-MaACL
_jT-905-F-9
_z- Enc. hol., conservando cub. original
_z. - Legado de Federico de Botella y de Hornos
_z- Enc. en un vol. facticio
999 _c165833
_d165833